| 000 | 00510nam a22001937a 4500 | ||
|---|---|---|---|
| 003 | MPLRDC | ||
| 005 | 20220104114716.0 | ||
| 008 | 210129b ||||| |||| 00| 0 eng d | ||
| 020 | _a957-32-1008-8 | ||
| 082 | _a170.8 DZXL v.146 | ||
| 100 | _aZIG ZIGLAR著; 黄爱淑译 | ||
| 245 |
_a如何教养出积极的孩子 _c |
||
| 250 | _a初版一刷 | ||
| 260 |
_a _b远流出版事业股份有限 _c1990 |
||
| 300 | _b平 | ||
| 490 | _a大众心理学全集;146 | ||
| 650 | _a | ||
| 942 |
_cBK _o170.8 DZXL v.146 |
||
| 999 |
_c9609 _d9599 |
||